000 00511cam a2200145 4500500
005 20251012032512.0
041 _afre
042 _adc
100 1 0 _aBaladier, Charles
_eauthor
245 0 0 _aHugues Didier, Raymond Lulle, Desclée de Brouwer, coll. Biographies dirigée par Bernard Sesé, 2001, 178 p.
260 _c2002.
500 _a32
786 0 _nSigila | 9 | 1 | 2002-06-20 | p. 201-204 | 1286-1715
856 4 1 _uhttps://shs.cairn.info/revue-sigila-2002-1-page-201?lang=fr&redirect-ssocas=7080
999 _c1547463
_d1547463